000 00651cam a22002413a 4500
001 32088
003 PGUSA
005 20140828083708.0
008 100422s2010||||xxu|||||s|||||000 1 eng d
040 _aPGUSA
_beng
042 _adc
050 4 _aPS
100 1 _aGarrett, Randall,
_d1927-1987
245 1 0 _aInstant of Decision
_h[electronic resource] /
_cRandall Garrett
260 _bProject Gutenberg,
_c2010
506 _aPublic domain in the USA.
516 _aElectronic text
653 _aScience fiction
700 1 _aEbel, Alex
830 0 _aProject Gutenberg
_v32088
856 4 0 _uhttp://www.gutenberg.org/ebooks/32088
942 _cEB
999 _c261343
_d261343